Teseo : cómo nacen las leyendas /
Guardado en:
| Autor Principal: | |
|---|---|
| Otros Autores: | |
| Formato: | Libro |
| Publicado: |
Buenos Aires :
Continente,
2013
|
| Materias: | |
| Etiquetas: |
Agregar Etiqueta
Sin Etiquetas, Sea el primero en etiquetar este registro!
|
| LEADER | 00795nam a22002655a 4500 | ||
|---|---|---|---|
| 001 | CEM.cems018284 | ||
| 005 | 20140423092818.0 | ||
| 008 | 130507s2013##################000#0#####d | ||
| 003 | CEMS | ||
| 020 | |a 9789507543746 | ||
| 082 | 0 | 4 | |a 843.5 |
| 100 | 1 | |a Pommaux, Yvan | |
| 245 | 1 | 0 | |a Teseo : |b cómo nacen las leyendas / |c Yvan Pommaux ; ilustraciones de Nicole Pommaux |
| 260 | |a Buenos Aires : |b Continente, |c 2013 | ||
| 300 | |a 56 p. | ||
| 653 | |a Literatura | ||
| 653 | |a Literatura francesa | ||
| 653 | |a Narrativa | ||
| 653 | |a Narrativa francesa | ||
| 653 | |a Literatura juvenil | ||
| 653 | |a Cuentos | ||
| 653 | |a Cuento francés | ||
| 653 | |a Ministerio de educación-colección literaria | ||
| 700 | 1 | |a Pommaux, Nicole, il. | |
| 859 | |a CEMS |b BIB. CEMS - Agricultura |h 843.5 |i P771 |p A2108.14 |t Ej.1 | ||
